000 01324nac a22003131i 4500
003 EG-ScBUE
005 20251216095036.0
008 250818s2006 enka f b 001 0 eng d
020 _a0199205531
020 _a9780199205530
040 _aEG-ScBUE
_beng
_erda
_cEG-ScBUE
_dEG-ScBUE
082 0 4 _a548
_bSTR
_222
245 0 0 _aStructure determination from powder diffraction data /
_cedited by W. I. F. David, Rutherford Appleton Laboratory, Oxfordshire, UK [and three others]
264 1 _aOxford :
_bOxford University Press,
_c2006.
300 _axix, 337 pages :
_billustrations ;
_c24 cm.
336 _2rdacontent
_atext
_btxt
337 _aunmediated
_2rdamedia
_bn
338 _avolume
_bnc
_2rdacarrier
490 0 _aInternational Union of Crystallography monographs on crystallography ;
_v13
504 _aIncludes bibliographical references and index.
650 7 _aX-ray crystallography.
_2BUEsh
650 7 _aCrystals
_xStructure.
_2BUEsh
650 7 _aPowders
_xOptical properties
_xMeasurement.
_2BUEsh
655 _vReading book
700 1 _aDavid, W. I. F.
_q(William I. F.),
_eeditor.
856 4 1 _3Table of contents only
_uhttp://www.loc.gov/catdir/enhancements/fy0611/2001047555-t.html
856 4 1 _3Publisher description
_uhttp://www.loc.gov/catdir/enhancements/fy0611/2001047555-d.html
942 _cBB
_2ddc
999 _c7306
_d7306